La calidad en la educación superior: ¿la pera del olmo?
Guardat en:
| Autor principal: | |
|---|---|
| Format: | Llibre |
| Idioma: | espanyol |
| Publicat: |
San Juan
Universidad Interamericana de Puerto Rico
1985
|
| Matèries: | |
| Etiquetes: |
Afegir etiqueta
Sense etiquetes, Sigues el primer a etiquetar aquest registre!
|
MARC
| LEADER | 00000nam a2200000 a 4500 | ||
|---|---|---|---|
| 001 | UCU1077 | ||
| 003 | CL-VaPUC | ||
| 008 | 960329e19850000PR |||||||||||||||||spa|d | ||
| 082 | 0 | 4 | |a 378.001 |b SOR |2 21 |
| 100 | 0 | |a Soria, Oscar |e author |9 356681 | |
| 245 | 1 | 3 | |a La calidad en la educación superior: ¿la pera del olmo? |
| 300 | |a 46 p | ||
| 942 | |c BK | ||
| 945 | |d 19960329 00:00:00 |a lriquelm | ||
| 260 | |a San Juan |b Universidad Interamericana de Puerto Rico |c 1985 | ||
| 650 | 0 | |a Universidades |9 256317 | |
| 650 | 0 | |a Educación superior |9 223851 | |
| 650 | 0 | |a Investigación educacional |9 261192 | |
| 650 | 0 | |a Calidad de la educación |9 307271 | |
| 650 | 0 | |a Planificación de la educación |9 307333 | |
| 583 | |a last modification |c 19960329 00:00:00 |k Rodrigo Vera | ||
| 999 | |c 245834 |d 245832 | ||
| 952 | |0 0 |1 0 |4 0 |6 378_001000000000000_SOR_1985 |7 0 |8 P |9 260440 |a BIBEDU |b BIBEDU |c BIBEDU_PB |d 2019-11-19 |i 1639455 |o 378.001 SOR 1985 |p 1639455 |r 2024-01-25 |w 2019-11-19 |y BK |k EDU | ||